[Event "Nordic-tt"]
[Site "Oslo"]
[Date "1983.??.??"]
[Round "?"]
[White "Maki, Veijo"]
[Black "Schneider, Lars Ake"]
[Result "0-1"]
[WhiteElo "2370"]
[BlackElo "2445"]

1.e4 c5 2.Nf3 Nc6 3.d4 cxd4 4.Nxd4 Nf6 5.Nc3 d6 6.Bg5 e6 7.Qd2 Nxd4 8.Qxd4 Bd7
9.O-O-O Qa5 10.Bd2 Bc6 11.Be2 a6 12.f3 Qc5 13.Qd3 Nd7 14.f4 Be7 15.Qh3 Bf6
16.Rhe1 O-O-O 17.Qd3 Qb6 18.Bf3 Nc5 19.Qe2 Bd4 20.b3 Kb8 21.Kb1 Rc8 22.Qc4 Nxe4  0-1

[Event "EU-chT Plovdiv"]
[Site "Plovdiv"]
[Date "1983.??.??"]
[Round "1"]
[White "Kindermann, Stefan"]
[Black "Van der Wiel, John TH"]
[Result "1/2-1/2"]
[WhiteElo "2440"]
[BlackElo "2530"]

1.e4 c5 2.Nf3 d6 3.d4 cxd4 4.Nxd4 Nf6 5.Nc3 Nc6 6.Bg5 Qb6 7.Nb3 e6 8.Bd3 Bd7
9.O-O Ne5 10.Be2 a6 11.Be3 Qc7 12.f4 Nc4 13.Bxc4 Qxc4 14.e5 Ne4 15.Bd4 Nxc3
16.Bxc3 d5 17.Qd2 Be7 18.Kh1 Rc8 19.Nd4 f5 20.Rf3 O-O 21.a3 b6 22.h3 Qc7
23.g4 Bc5 24.Rg1 Bxd4 25.Qxd4 Qc4 26.Rf2  1/2-1/2

[Event "EU-chT Plovdiv"]
[Site "Plovdiv"]
[Date "1983.??.??"]
[Round "7"]
[White "Chandler, Murray G"]
[Black "Ivanovic, Bozidar"]
[Result "1/2-1/2"]
[WhiteElo "2500"]
[BlackElo "2480"]

1.e4 c5 2.Nf3 Nc6 3.d4 cxd4 4.Nxd4 Nf6 5.Nc3 d6 6.Bg5 e6 7.Qd2 a6 8.O-O-O h6
9.Bf4 Bd7 10.Nxc6 Bxc6 11.Qe1 Be7 12.e5 Nh5 13.Be3 Qc7 14.Be2 g6 15.Bxh5 gxh5
16.Bf4 O-O-O 17.f3 Rhg8 18.exd6 Bxd6 19.Rxd6 Rxd6 20.g3 f6 21.Bxd6 Qxd6 22.Qe3 Qe5
23.Qf2 h4 24.f4 Qf5 25.Rd1 hxg3 26.hxg3 Rd8 27.Rxd8+ Kxd8 28.b4 Ke8 29.a4 Kf7
30.b5 axb5 31.axb5 Bh1 32.Qh2 Bf3 33.Qxh6 Kg8 34.Qh2 Qc5 35.Qd2 Qa3+ 36.Kb1 Qb4+
37.Kc1 Qa3+ 38.Kb1 Qb4+ 39.Ka2 Bd5+ 40.Ka1 Qa3+ 41.Kb1 Qb4+ 42.Kc1 Qa3+ 43.Kd1 Qa1+
44.Ke2  1/2-1/2

[Event "Rubinstein mem"]
[Site "Polanica Zdroj"]
[Date "1983.??.??"]
[Round "9"]
[White "Kruszynski, Wlodzimierz"]
[Black "Ksieski, Zbigniew"]
[Result "0-1"]
[WhiteElo "2435"]
[BlackElo "2415"]

1.e4 c5 2.Nf3 d6 3.d4 cxd4 4.Nxd4 Nf6 5.Nc3 Nc6 6.Bg5 e6 7.Qd2 a6 8.O-O-O h6
9.Be3 Be7 10.f4 Nxd4 11.Bxd4 b5 12.Bd3 Bb7 13.Kb1 Qc7 14.Qe2 e5 15.Be3 Nd7
16.Qg4 b4 17.Nd5 Bxd5 18.exd5 Bf6 19.fxe5 Bxe5 20.Bd4 h5 21.Qh4 Qd8 22.Qe4 Rb8
23.Rhf1 a5 24.Rf5 Qe7 25.Re1 g6 26.Rf3 O-O 27.g4 Qh4 28.Bxe5 Nxe5 29.Rfe3 Qxg4
30.Qh1 a4 31.Re4 Qf3 32.Qf1 Qxf1 33.Rxf1 f5 34.Rd4 Nxd3 35.cxd3 Rfe8 36.h4 Re2
37.Rc1 Kf7 38.Rc6 Ke7 39.Rdc4 a3 40.Rc2 Re1+ 41.Rc1 Rxc1+ 42.Rxc1 Rb5 43.Rc4 Kf6
44.d4 g5 45.hxg5+ Kxg5 46.b3 h4 47.Kc2 h3 48.Rc8 Rb7 49.Rh8 Rc7+ 50.Kd2 Kg4
51.Ke3 Rc3+ 52.Kf2 Rc2+ 53.Ke3 f4+ 54.Ke4 Re2+  0-1

[Event "Rubinstein mem"]
[Site "Polanica Zdroj"]
[Date "1983.??.??"]
[Round "11"]
[White "Lukov, Valentin"]
[Black "Ksieski, Zbigniew"]
[Result "0-1"]
[WhiteElo "2465"]
[BlackElo "2415"]

1.e4 c5 2.Nf3 d6 3.d4 cxd4 4.Nxd4 Nf6 5.Nc3 Nc6 6.Bg5 e6 7.Qd2 a6 8.O-O-O h6
9.Bf4 Bd7 10.Nxc6 Bxc6 11.Qe1 Qa5 12.h4 Be7 13.Rh3 b5 14.Bxd6 Bxd6 15.Rxd6 Bxe4
16.Rxa6 Rxa6 17.Bxb5+ Bc6 18.Bxa6 Qxa6 19.Qe5 Qf1+ 20.Nd1 O-O 21.Qd4 e5 22.Qxe5 Rd8
23.Rd3 Rxd3 24.cxd3 Qxd3 25.f3 Nd5 26.h5 Qc4+ 27.Kd2 Qxa2 28.Qb8+ Kh7 29.Qc8 Qa5+  0-1

[Event "Poznan"]
[Site "Poznan"]
[Date "1983.??.??"]
[Round "9"]
[White "Milos, Gilberto"]
[Black "Lanc, Alois"]
[Result "0-1"]
[WhiteElo "2410"]
[BlackElo "2410"]

1.e4 c5 2.Nf3 Nc6 3.d4 cxd4 4.Nxd4 Nf6 5.Nc3 d6 6.Bg5 e6 7.Qd2 h6 8.Bxf6 gxf6
9.O-O-O a6 10.f4 h5 11.Kb1 Qb6 12.Nb3 Bd7 13.Be2 h4 14.Bg4 O-O-O 15.Qe2 Kb8
16.Rhf1 Be7 17.f5 Ne5 18.Bh3 Rc8 19.fxe6 fxe6 20.Qf2 Qxf2 21.Rxf2 Rcg8 22.Nd4 Ng4
23.Re2 Kc7 24.Nf3 Rh5 25.Red2 Bf8 26.Ne2 e5 27.Nc3 Bc6 28.Re2 Bh6 29.Nd5+ Bxd5
30.Rxd5 f5 31.Rd3 fxe4 32.Rxe4 Nf2 33.Rc3+ Kb8 34.Rxh4 Rxh4 35.Nxh4 Nxh3
36.Rxh3 e4 37.Nf5 Rxg2 38.a4 Bf4 39.Rh4 Rf2 40.Rh8+ Kc7 41.Re8 Be5 42.Ne3 Kd7
43.Rb8 Kc7 44.Re8 Rf3 45.Nc4 Kd7 46.Rb8 e3 47.Rxb7+ Kc8 48.Re7 Kd8 49.Nxe5 Rf1+
50.Ka2 Kxe7  0-1

[Event "BCF-ch"]
[Site "Southport"]
[Date "1983.??.??"]
[Round "9"]
[White "Pritchett, Craig William"]
[Black "Large, Peter G"]
[Result "1/2-1/2"]
[WhiteElo "2400"]
[BlackElo "2310"]

1.e4 c5 2.Nf3 d6 3.d4 cxd4 4.Nxd4 Nf6 5.Nc3 Nc6 6.Bg5 e6 7.Qd2 a6 8.O-O-O h6
9.Bf4 Bd7 10.Nxc6 Bxc6 11.Qe1 Qa5 12.f3 O-O-O 13.Bc4 Qc7 14.Bb3 Nd7 15.Kb1 Nc5
16.Qe3 b5 17.Ne2 Be7 18.e5 d5 19.Nd4 Kb7 20.c3 Ka8 21.Bc2 Rb8 22.b4 Nd7 23.Nb3 Nb6
24.Na5 Rhc8 25.Bb3 Be8 26.Rc1 Nc4 27.Bxc4 bxc4 28.Ka1 Ba4 29.Qd4 Rb5 30.Be3 Qb8
31.f4 Bd8 32.Rhf1 Bb6 33.Qd2 Bxa5 34.bxa5 Rxa5 35.Qd4 Rc6 36.Rb1 Rb5 37.Rxb5 axb5
38.f5 Qb7 39.fxe6  1/2-1/2

[Event "Tatran Cup"]
[Site "Stary Smokovec"]
[Date "1983.??.??"]
[Round "12"]
[White "Janetschek, Karl"]
[Black "Banas, Jan"]
[Result "1/2-1/2"]
[WhiteElo "2335"]
[BlackElo "2330"]

1.e4 c5 2.Nf3 Nc6 3.d4 cxd4 4.Nxd4 Nf6 5.Nc3 d6 6.Bg5 e6 7.f4 Qb6 8.Nb3 a6
9.Qf3 Bd7 10.O-O-O O-O-O 11.Bh4 Qc7 12.g4 h6 13.Bg3 Be8 14.h4 g6 15.Bh3 Nd7
16.f5 Nde5 17.Qe2 Bd7 18.Bg2 Kb8 19.g5 hxg5 20.hxg5 Rxh1 21.Rxh1 Rc8 22.f6  1/2-1/2

[Event "SWE-ch"]
[Site "?"]
[Date "1983.??.??"]
[Round "?"]
[White "Olsson, Ake"]
[Black "Schneider, Lars Ake"]
[Result "0-1"]
[WhiteElo "2200"]
[BlackElo "2455"]

1.e4 c5 2.Nf3 Nc6 3.d4 cxd4 4.Nxd4 Nf6 5.Nc3 d6 6.Bg5 e6 7.Qd2 Nxd4 8.Qxd4 Bd7
9.Bc4 Be7 10.O-O Rc8 11.Rad1 O-O 12.Rfe1 Qa5 13.Bh4 Rfd8 14.Bb3 a6 15.a3 Be8
16.Re2 Qh5 17.Bxf6 Bxf6 18.Qe3 Bxc3 19.bxc3 Rxc3 20.Qxc3 Qxe2 21.Re1 Qb5
22.Qc7 Qd7 23.Qb6 Qe7 24.Rd1 Bc6 25.f3 g6 26.h3 Rd7 27.c4 Qg5 28.Kf2 h5 29.Qe3 Qe5
30.Bc2 h4 31.f4 Qc5 32.Qxc5 dxc5 33.Rxd7 Bxd7 34.e5 Bc6 35.g3 hxg3+ 36.Kxg3 b5
37.cxb5 axb5 38.Kf2 Bd5 39.Ke3 b4 40.axb4 cxb4 41.Kd2 Kg7 42.h4 Bf3 43.Ba4 Kh6
44.Be8 Be4 45.Bxf7 Bf5 46.Be8 b3 47.Kc3 Kh5 48.Kxb3 Kxh4 49.Kc4 Kg4 50.Kc5 Kxf4
51.Kd6 g5 52.Bf7 g4  0-1

[Event "SWE-ch"]
[Site "?"]
[Date "1983.??.??"]
[Round "?"]
[White "Ernst, Thomas"]
[Black "Schneider, Lars Ake"]
[Result "1/2-1/2"]
[WhiteElo "2380"]
[BlackElo "2455"]

1.e4 c5 2.Nf3 Nc6 3.d4 cxd4 4.Nxd4 Nf6 5.Nc3 d6 6.Bg5 e6 7.Qd2 a6 8.O-O-O Bd7
9.f4 b5 10.Bxf6 gxf6 11.Nxc6 Bxc6 12.Qe1 Be7 13.Bd3 Qb6 14.Kb1 Qc5 15.f5 b4
16.Ne2 e5 17.Ng3 a5 18.b3 a4 19.Bc4 axb3 20.cxb3 O-O 21.Nh5 Kh8 22.Qe2 Ra3
23.Rd2 Qa7 24.Re1 Ra8 25.Qf2 Qxf2 26.Rxf2 Bd8 27.Rc2 Kg8 28.Bd5 Bxd5 29.exd5 Kf8
30.Ree2 Ke7 31.Ng3 R3a5 32.Red2 Rb5 33.Rc6 Kd7 34.Ne4 Be7 35.Rc1 Raa5 36.Rcd1 Bd8
37.g4 h6 38.h4 Be7 39.Rd3 Bd8 40.R3d2 Be7 41.Rd3 Bd8  1/2-1/2

[Event "SWE-ch"]
[Site "?"]
[Date "1983.??.??"]
[Round "?"]
[White "Rorvall, Goran"]
[Black "Schneider, Lars Ake"]
[Result "1/2-1/2"]
[WhiteElo "2200"]
[BlackElo "2455"]

1.e4 c5 2.Nf3 Nc6 3.d4 cxd4 4.Nxd4 Nf6 5.Nc3 d6 6.Bg5 e6 7.Qd2 a6 8.O-O-O Bd7
9.f4 b5 10.Bxf6 gxf6 11.Kb1 Qb6 12.Nxc6 Qxc6 13.Qe3 Qc5 14.Qxc5 dxc5 15.Re1 c4
16.Be2 h5 17.Bf3 Rd8 18.Nd5 Be7 19.Nxe7 Kxe7 20.e5 h4 21.c3  1/2-1/2

[Event "URS-FL"]
[Site "Tallinn"]
[Date "1983.??.??"]
[Round "?"]
[White "Guseinov, Aidyn"]
[Black "Lerner, Konstantin Z"]
[Result "1/2-1/2"]
[WhiteElo "2200"]
[BlackElo "2495"]

1.e4 c5 2.Nf3 Nc6 3.d4 cxd4 4.Nxd4 Nf6 5.Nc3 d6 6.Bg5 e6 7.Qd2 a6 8.O-O-O h6
9.Bf4 Bd7 10.Nxc6 Bxc6 11.Qe2 Qc7 12.Nd5 Bxd5 13.exd5 e5 14.Kb1 Be7 15.Be3 b5
16.g3 O-O 17.h4 Rfc8 18.f3 Qb7 19.Qd2 h5 20.Bg5 Rc5 21.Bxf6 Bxf6 22.Bd3 Kf8
23.Be4 Rc4 24.Qg2 Qb6 25.g4 g6 26.Qh3 Ke7 27.Rhe1 Kf8 28.Qg3 Qd8 29.Rh1  1/2-1/2

[Event "URS-FL"]
[Site "Tallinn"]
[Date "1983.??.??"]
[Round "?"]
[White "Petrushin, Alexander I"]
[Black "Lerner, Konstantin Z"]
[Result "1/2-1/2"]
[WhiteElo "2415"]
[BlackElo "2495"]

1.e4 c5 2.Nf3 d6 3.d4 cxd4 4.Nxd4 Nf6 5.Nc3 Nc6 6.Bg5 e6 7.Qd2 a6 8.O-O-O h6
9.Be3 Be7 10.f4 Nxd4 11.Bxd4 b5 12.Qe1 Bb7 13.Bd3 O-O 14.e5 dxe5 15.Bxe5 Qb6
16.Qg3 Rac8 17.Rhe1 Rfd8 18.Ne4 Bxe4 19.Rxe4 Rd5 20.Rd4 Rcd8 21.Rxd5 Rxd5
22.Re1 Qd8 23.Kb1 a5 24.Qh3 Bd6 25.Bxd6 Qxd6 26.Qe3 b4 27.g3 Qc5 28.Qxc5 Rxc5
29.Kc1 g5 30.fxg5 hxg5 31.Kd2 Kg7 32.a3 bxa3 33.bxa3 Ng4 34.h3 Ne5 35.Rb1 f5
36.a4 Nxd3 37.cxd3 Kf6 38.Rb5 Rc8 39.Rxa5 Rh8 40.h4 gxh4 41.gxh4 Rxh4  1/2-1/2

[Event "DEN-ch"]
[Site "Tarnby"]
[Date "1983.??.??"]
[Round "3"]
[White "Norgaard, Jesper"]
[Black "Sloth, Jorn"]
[Result "0-1"]
[WhiteElo "2260"]
[BlackElo "2380"]

1.e4 c5 2.Nf3 d6 3.d4 cxd4 4.Nxd4 Nf6 5.Nc3 Nc6 6.Bg5 e6 7.Qd2 Nxd4 8.Qxd4 Bd7
9.O-O-O Qa5 10.Bd2 a6 11.Kb1 Qc5 12.Qd3 b5 13.f3 Be7 14.Be3 Qc7 15.Bg5 Rd8
16.Qe3 O-O 17.Bd3 b4 18.Ne2 a5 19.Rc1 Rb8 20.c4 Rfc8 21.h4 Qd8 22.g4 Be8
23.Bxf6 Bxf6 24.g5 Be7 25.f4 Rc5 26.Nd4 Bf8 27.f5 exf5 28.exf5 d5 29.Rhd1 dxc4
30.Bxc4 Qe7 31.Qf2 Rbc8 32.b3 Qe5 33.Re1 Qd6 34.h5 Kh8 35.g6 Qf6 36.Re4 fxg6
37.Re6 Qg5 38.fxg6 Bd7 39.Ra6 Qxh5 40.Qf7 Bf5+ 41.Ka1 Rxc4 42.Rxc4  0-1

[Event "Tirnavia-B"]
[Site "Trnava"]
[Date "1983.??.??"]
[Round "10"]
[White "Mokry, Karel"]
[Black "Deze, Anton"]
[Result "1-0"]
[WhiteElo "2435"]
[BlackElo "2400"]

1.e4 c5 2.Nf3 Nc6 3.d4 cxd4 4.Nxd4 Nf6 5.Nc3 d6 6.Bg5 e6 7.Qd2 a6 8.O-O-O Bd7
9.f4 Be7 10.Nf3 b5 11.Bxf6 gxf6 12.Kb1 Qb6 13.f5 O-O-O 14.g3 Kb8 15.fxe6 fxe6
16.Bh3 Bc8 17.Qe1 Rhe8 18.Ne2 Bf8 19.Qc3 Bg7 20.Nfd4 Nxd4 21.Nxd4 Bd7 22.Rhe1 Rc8
23.Qd3 Rc4 24.Ne2 Kc7 25.Nf4 Qc5 26.Qf3 Bh8 27.Nd3 Qb6 28.Nf4 Qb7 29.Qh5 Kb8
30.Rxd6 Rec8 31.Qxh7 R4c7 32.Nd5 exd5 33.Rxd7 dxe4 34.Rxc7 Qxc7 35.Qxe4 f5
36.Qxf5 Rd8 37.Bg2 Qg7 38.c3 Qc7 39.Qf3 Ka7 40.Qf2+ Kb8 41.Qf3 Ka7  1-0

[Event "Candidats (Women) qf3"]
[Site "Velden"]
[Date "1983.??.??"]
[Round "3"]
[White "Ioseliani, Nana"]
[Black "Liu Shilan"]
[Result "0-1"]
[WhiteElo "2295"]
[BlackElo "2205"]

1.e4 c5 2.Nf3 Nc6 3.d4 cxd4 4.Nxd4 Nf6 5.Nc3 d6 6.Bg5 e6 7.Qd2 Be7 8.O-O-O O-O
9.f4 Nxd4 10.Qxd4 Qa5 11.Bd3 e5 12.Qe3 h6 13.Bxf6 Bxf6 14.Qe1 exf4 15.Nd5 Qd8
16.Nxf6+ Qxf6 17.Rf1 Be6 18.a3 g5 19.g3 f3 20.Qe3 g4 21.h3 Qg5 22.Qxg5+ hxg5
23.hxg4 Kg7 24.c3 Rh8 25.Bc2 Rh3 26.Rxd6 Rxg3 27.Bd1 Bxg4 28.Rd5 Be6 29.Rc5 b6
30.Rc7 g4 31.e5 Rg2 32.c4 Rd8 33.Bxf3 gxf3 34.Rxf3 Rd7 35.Rxd7 Bxd7 36.Rd3 Bf5
37.Rd4 Re2 38.b4 Rxe5 39.Kd2 Re4 40.Rxe4 Bxe4  0-1

[Event "Candidats (Women) qf3"]
[Site "Velden"]
[Date "1983.??.??"]
[Round "5"]
[White "Ioseliani, Nana"]
[Black "Liu Shilan"]
[Result "1/2-1/2"]
[WhiteElo "2295"]
[BlackElo "2205"]

1.e4 c5 2.Nf3 Nc6 3.d4 cxd4 4.Nxd4 Nf6 5.Nc3 d6 6.Bg5 e6 7.f4 Be7 8.Qd2 O-O
9.O-O-O Nxd4 10.Qxd4 Qa5 11.Bb5 h6 12.Bh4 e5 13.fxe5 dxe5 14.Qxe5 Be6 15.Qd4 a6
16.e5 Nd5 17.Nxd5 Bxh4 18.Qxh4 Bxd5 19.Rxd5 Qxa2 20.Rhd1 axb5 21.Qb4 Qa1+
22.Kd2 Qa7 23.Qd4 Qa6 24.Rd6 Qa5+ 25.c3 Rfe8 26.Rf1 b4 27.cxb4 Qb5 28.Rf5 Rac8
29.Rd7 Rc4 30.Qd5 Qxb4+ 31.Ke3 Qb6+ 32.Kf3 Qb3+ 33.Qd3 Rb4 34.Qxb3 Rxb3+
35.Ke4 f6 36.Rd2 Rb5 37.Ke3 Rbxe5+ 38.Rxe5 Rxe5+ 39.Kf3 Kf7 40.Rd7+ Re7 41.Rd6 Kg6
42.Rb6 Kf5 43.g4+ Ke5 44.h4 Kd5 45.b4 Kc4 46.Kf4 Kd4 47.Rd6+ Kc4 48.Rb6 Kd3
49.Rd6+ Kc4  1/2-1/2

[Event "URS-ch sf"]
[Site "Volgodonsk"]
[Date "1983.??.??"]
[Round "?"]
[White "Guseinov, Aidyn"]
[Black "Sher, Miron N"]
[Result "1/2-1/2"]
[WhiteElo "2200"]
[BlackElo "2200"]

1.e4 c5 2.Nf3 d6 3.d4 cxd4 4.Nxd4 Nf6 5.Nc3 Nc6 6.Bg5 e6 7.Qd2 a6 8.O-O-O h6
9.Bf4 Bd7 10.Nxc6 Bxc6 11.Qe2 Qa5 12.Bxd6 Bxd6 13.Rxd6 Qb4 14.Qd3 Bxe4 15.Rd4 Bxd3
16.Rxb4 Bxf1 17.Rxf1 O-O-O 18.Rd1 Rxd1+ 19.Kxd1 Rd8+ 20.Ke2 Nd5  1/2-1/2

[Event "URS-ch sf"]
[Site "Volgodonsk"]
[Date "1983.??.??"]
[Round "?"]
[White "Dolmatov, Sergey"]
[Black "Sher, Miron N"]
[Result "1/2-1/2"]
[WhiteElo "2550"]
[BlackElo "2200"]

1.e4 c5 2.Nf3 d6 3.d4 cxd4 4.Nxd4 Nf6 5.Nc3 Nc6 6.Bg5 e6 7.Qd2 a6 8.O-O-O h6
9.Be3 Be7 10.f4 Qc7 11.Kb1 b5 12.Bd3 Bb7 13.Nf3 Na5 14.e5 dxe5 15.fxe5 Nd5
16.Nxd5 Bxd5 17.Qe1 Nc4 18.Bd4 O-O 19.Nd2 Nxd2+ 20.Qxd2  1/2-1/2

[Event "URS-ch sf"]
[Site "Volgodonsk"]
[Date "1983.??.??"]
[Round "?"]
[White "Petrushin, Alexander I"]
[Black "Sher, Miron N"]
[Result "1-0"]
[WhiteElo "2415"]
[BlackElo "2200"]

1.e4 c5 2.Nf3 d6 3.d4 cxd4 4.Nxd4 Nf6 5.Nc3 Nc6 6.Bg5 e6 7.Qd2 a6 8.O-O-O h6
9.Be3 Be7 10.f4 Qc7 11.Be2 Na5 12.e5 dxe5 13.fxe5 Nd7 14.Bf4 Nc4 15.Qe1 b5
16.Rf1 Bg5 17.Bxg5 hxg5 18.Bxc4 Qxc4 19.Ne4 O-O 20.Nxg5  1-0

[Event "Vrnjacka Banja"]
[Site "Vrnjacka Banja"]
[Date "1983.??.??"]
[Round "2"]
[White "Martinovic, Slobodan"]
[Black "Radulov, Ivan"]
[Result "1/2-1/2"]
[WhiteElo "2445"]
[BlackElo "2495"]

1.e4 c5 2.Nf3 d6 3.d4 cxd4 4.Nxd4 Nf6 5.Nc3 Nc6 6.Bg5 e6 7.Qd2 a6 8.O-O-O h6
9.Be3 Nxd4 10.Bxd4 b5 11.Bd3 Qa5 12.Bxf6 gxf6 13.Kb1 Bb7 14.f4 O-O-O 15.f5 b4
16.Ne2 d5 17.exd5 Bxd5 18.b3 Bd6 19.fxe6 fxe6 20.Nf4 Be5 21.Qc1 Rhe8 22.Rhe1 Kb8
23.Be4  1/2-1/2

[Event "Warsaw"]
[Site "Warsaw"]
[Date "1983.??.??"]
[Round "12"]
[White "Kindermann, Stefan"]
[Black "Szymczak, Zbigniew"]
[Result "1/2-1/2"]
[WhiteElo "2440"]
[BlackElo "2460"]

1.e4 c5 2.Nf3 Nc6 3.d4 cxd4 4.Nxd4 Nf6 5.Nc3 d6 6.Bg5 e6 7.Qd2 a6 8.O-O-O h6
9.Bf4 Bd7 10.Nxc6 Bxc6 11.Qe1 Qa5 12.f3 O-O-O 13.Bc4 Be7 14.Bb3 Nh5 15.Be3 Bg5
16.g4 Bxe3+ 17.Qxe3 Nf6 18.Rhg1 Qc5 19.Rd4 g5 20.Rgd1 Kb8 21.e5 Ne8 22.Qe2 d5
23.f4 Nc7 24.Qf2 Qe7 25.f5 f6 26.Qg3 exf5 27.exf6 Qxf6 28.gxf5 Qxf5 29.Nxd5 Bxd5
30.Rxd5 Rxd5 31.Rxd5 Qf1+ 32.Rd1 Qf5 33.Rd5 Qf1+ 34.Rd1 Qf5 35.Re1 Rf8 36.Qe5 Qxe5
37.Rxe5 Rf2 38.h4 g4 39.Kd1 Rh2 40.Ke1 Rxh4 41.Kf2 h5 42.Kg2 Rh3 43.a4 Kc8
44.Rg5 Kd7 45.Rg7+ Kd6 46.Rg6+  1/2-1/2

[Event "Aars"]
[Site "Aars"]
[Date "1984.??.??"]
[Round "5"]
[White "Larsen, Henning"]
[Black "Andersen, Ch"]
[Result "1/2-1/2"]
[WhiteElo "2200"]
[BlackElo "2200"]

1.e4 c5 2.Nf3 Nc6 3.d4 cxd4 4.Nxd4 Nf6 5.Nc3 d6 6.Bg5 Bd7 7.Qd2 Rc8 8.f4 Nxd4
9.Qxd4 Qa5 10.e5 dxe5 11.fxe5 e6 12.exf6 Qxg5 13.Ne4 Qa5+ 14.c3 Rg8 15.Rd1 Bc6
16.Be2 Rd8 17.Qxd8+ Qxd8 18.Rxd8+ Kxd8 19.Bf3 Kc7 20.Rf1  1/2-1/2

[Event "FRG-ch"]
[Site "Bad Neuenahr"]
[Date "1984.??.??"]
[Round "?"]
[White "Lobron, Eric"]
[Black "Kunsztowicz, Uwe"]
[Result "1-0"]
[WhiteElo "2520"]
[BlackElo "2350"]

1.e4 c5 2.Nf3 d6 3.d4 cxd4 4.Nxd4 Nf6 5.Nc3 Nc6 6.Bg5 e6 7.Qd2 Be7 8.O-O-O O-O
9.Nb3 h6 10.Bxf6 Bxf6 11.Qxd6 Bxc3 12.bxc3 Qh4 13.g3 Qf6 14.Qc5 e5 15.Bc4 Bg4
16.Rd6 Qg5+ 17.Kb2 Bf3 18.Re1 Rac8 19.h4 Qg4 20.Qe3 Rfd8 21.Rxd8+ Rxd8 22.Bd5 Bg2
23.Rg1 Qf3 24.g4 Ne7 25.Bxb7 Qxg4 26.Qxa7 Ng6 27.Qb6 Rf8 28.a4 Nxh4 29.a5 Nf3
30.Ra1 h5 31.a6 h4 32.a7 h3 33.Qd6 h2 34.Qxf8+ Kxf8 35.a8=Q+ Ke7 36.Bc8 Qh5
37.Qb7+ Kf6 38.Ra6+ Kg5 39.Qe7+ f6 40.Nc5 Qh8 41.Ne6+ Kh4 42.Nxg7  1-0

[Event "URS-ch sf"]
[Site "Barnaul"]
[Date "1984.??.??"]
[Round "?"]
[White "Petrushin, Alexander I"]
[Black "Vaisser, Anatoli"]
[Result "0-1"]
[WhiteElo "2420"]
[BlackElo "2475"]

1.e4 c5 2.Nf3 Nc6 3.d4 cxd4 4.Nxd4 Nf6 5.Nc3 d6 6.Bg5 e6 7.Qd2 a6 8.O-O-O h6
9.Be3 Be7 10.f4 Qc7 11.Be2 Nxd4 12.Qxd4 O-O 13.g4 e5 14.Qd3 exf4 15.Bxf4 Re8
16.g5 hxg5 17.Bxg5 Nxe4 18.Nxe4 Bf5 19.Bd2 Qc6 20.Bf3 d5 21.Qxd5 Qxd5 22.Nf6+ Bxf6
23.Bxd5 Rac8 24.Bb3 Re2 25.Rdf1 Bg6 26.Rd1 b5 27.h4 a5 28.h5 Be4 29.a4 bxa4
30.Bxa4 Bxh1 31.Rxh1 Bxb2+ 32.Kxb2 Rxd2 33.h6 gxh6 34.Rxh6 Rd4 35.Bb3 a4
36.c3 Rf4 37.Bd5 Rf2+ 38.Ka3 Rxc3+ 39.Kxa4 Rb2 40.Rg6+ Kf8 41.Rf6 Rc7 42.Ka3 Rb5  0-1

[Event "URS-ch sf"]
[Site "Barnaul"]
[Date "1984.??.??"]
[Round "?"]
[White "Petrushin, Alexander I"]
[Black "Rashkovsky, Nukhim N"]
[Result "1/2-1/2"]
[WhiteElo "2420"]
[BlackElo "2470"]

1.e4 c5 2.Nf3 d6 3.d4 cxd4 4.Nxd4 Nf6 5.Nc3 Nc6 6.Bg5 e6 7.Qd2 Be7 8.O-O-O O-O
9.f4 h6 10.Bh4 e5 11.Nf5 Bxf5 12.exf5 exf4 13.Qxf4 d5 14.Kb1 d4 15.Bxf6 Bxf6
16.Ne4 Rc8 17.a3 a6 18.h4 Be5 19.Qg4 Qd7 20.Rh3 Ne7 21.Rf3 Nd5 22.Qh5 f6
23.Bd3 Rc6 24.Nd2 Rfc8 25.Nb3 Rd6 26.Re1 b5 27.Qg4 b4 28.a4 Ne3 29.Rfxe3 dxe3
30.Bc4+ Rxc4 31.Qxc4+ Kh8 32.Nc5 Qxf5 33.Rxe3 Rd4 34.Qxa6 Rxh4 35.Qe2 Rh1+
36.Ka2 Qc8 37.Qb5 Qg8+ 38.Nb3 Qc8 39.Nc5 Rc1 40.Re2 Rd1 41.Nb3 Rd7 42.Qxb4 Rc7
43.Qd2 Qe8 44.Kb1 Qc6 45.Qd8+ Kh7 46.Qd3+ g6 47.Qb5 h5 48.Qxc6 Rxc6 49.Nc1 Rc4
50.Nd3 Rxa4 51.Nxe5 fxe5 52.Rxe5 Rf4 53.Re2 g5 54.Kc1 h4 55.Kd2 Kg6 56.Ke3 Kh5
57.Rf2 Rb4 58.c3 Rb3 59.Rd2 Kg4 60.Kf2 Kf5 61.Re2 Kf4 62.c4 Rb4 63.Rc2 Ke4
64.Ke2 g4 65.c5 h3 66.gxh3 gxh3 67.Kf2 Kd3 68.Rc3+  1/2-1/2

[Event "Beersheba"]
[Site "Beersheba"]
[Date "1984.??.??"]
[Round "4"]
[White "Kindermann, Stefan"]
[Black "Gurevich, Dmitry"]
[Result "1/2-1/2"]
[WhiteElo "2470"]
[BlackElo "2545"]

1.e4 c5 2.Nf3 d6 3.d4 cxd4 4.Nxd4 Nf6 5.Nc3 Nc6 6.Bg5 e6 7.Qd2 Be7 8.O-O-O O-O
9.f4 Nxd4 10.Qxd4 Qa5 11.Bc4 Bd7 12.e5 dxe5 13.fxe5 Bc6 14.Bd2 Nd7 15.Nd5 Qd8
16.Nxe7+ Qxe7 17.Rhe1 Qc5 18.Qf4 Bb5 19.Bxb5 Qxb5 20.Bb4 Nc5 21.Rf1 Rac8
22.Rf3 h6 23.Rd4 f6 24.exf6 Rxf6 25.Qg4 h5 26.Qg3 e5 27.Rxf6 exd4 28.Bxc5 Qxc5
29.Qb3+ Kh8 30.Rf4 Qe5 31.Qf3 Re8 32.Qf2 Qa5  1/2-1/2

[Event "Beersheba"]
[Site "Beersheba"]
[Date "1984.??.??"]
[Round "8"]
[White "Kindermann, Stefan"]
[Black "Liberzon, Vladimir M"]
[Result "1-0"]
[WhiteElo "2470"]
[BlackElo "2455"]

1.e4 c5 2.Nf3 Nc6 3.d4 cxd4 4.Nxd4 Nf6 5.Nc3 d6 6.Bg5 Qb6 7.Nb3 e6 8.Bd3 Be7
9.O-O a6 10.Kh1 Qc7 11.a4 b6 12.f4 Bb7 13.f5 Ne5 14.Nd4 Nxd3 15.cxd3 e5 16.Nc2 d5
17.Bxf6 Bxf6 18.exd5 O-O 19.Ne3 Bg5 20.Nc4 b5 21.axb5 axb5 22.Rxa8 Rxa8 23.Nxb5 Qc5
24.Nc3 Bxd5 25.Nxd5  1-0

[Event "Belgrade"]
[Site "Belgrade"]
[Date "1984.??.??"]
[Round "?"]
[White "Govedarica, Radovan"]
[Black "Damljanovic, Branko"]
[Result "0-1"]
[WhiteElo "2380"]
[BlackElo "2400"]

1.e4 c5 2.Nf3 Nc6 3.d4 cxd4 4.Nxd4 Nf6 5.Nc3 d6 6.Bg5 e6 7.Qd2 a6 8.O-O-O Bd7
9.Nxc6 Bxc6 10.Qe1 Qa5 11.Bd2 Be7 12.Kb1 Qc7 13.f4 b5 14.a3 Qb7 15.e5 dxe5
16.fxe5 Ne4 17.Nxe4 Bxe4 18.Bb4 Rc8 19.Bd3 Bxd3 20.Rxd3 O-O 21.Bxe7 Qxe7
22.Qd2 Rc5 23.Re1 Qc7 24.Rd6 a5 25.Re2 h6 26.Rd7 Qb6 27.Re4 Qc6 28.Rdd4 Qc7
29.Rd6 Rc4 30.Red4 Qc5 31.Rd8 Rxd4 32.Qxd4 Qxd4 33.Rxd4 Rc8 34.b4 axb4 35.axb4 h5
36.Kb2 g5 37.Kb3 Kg7 38.Rd7 Rb8 39.Kc3 Kg6 40.Kd4 Rc8 41.c3 Rb8 42.Re7 h4
43.h3 Rd8+ 44.Ke4 Rd2 45.Kf3 Rd3+ 46.Kf2 Rd5 47.Rb7 Rxe5 48.Kf3 Rd5 49.Ke3 f6
50.Rc7 Kf5 51.c4 bxc4 52.Rxc4 e5 53.Rc2 Ke6 54.Rb2 Rb5 55.Kd3 Kd5 56.Kc3 e4
57.Rf2 Ke5 58.Kc4 Rb8 59.b5 Rc8+ 60.Kb4 e3 61.Rb2 Kd4 62.b6 Kd3 63.b7 Rb8
64.Rb3+ Kd4  0-1

[Event "Bor"]
[Site "Bor"]
[Date "1984.??.??"]
[Round "?"]
[White "Arnason, Jon L"]
[Black "Martinovic, Slobodan"]
[Result "0-1"]
[WhiteElo "2505"]
[BlackElo "2415"]

1.e4 c5 2.Nf3 d6 3.d4 cxd4 4.Nxd4 Nf6 5.Nc3 Nc6 6.Bg5 e6 7.Qd2 a6 8.O-O-O h6
9.Bf4 Bd7 10.Nxc6 Bxc6 11.Qe1 Qc7 12.h4 Be7 13.e5 d5 14.Ne2 Nd7 15.Nd4 Bf6
16.Nf3 Ba4 17.b3 Be7 18.Nd4 Bb5 19.Kb1 Bxf1 20.Qxf1 Qb6 21.Rh3 h5 22.Qe2 O-O-O
23.Bg5 Bxg5 24.hxg5 g6 25.Rf3 Rhf8 26.Rf4 Kb8 27.Nf3 Nc5 28.Qe3 Rd7 29.Nd2 Rfd8
30.Rd4 Qc6 31.Kb2 b5 32.Ka1 Ka8 33.c3 Nb7 34.Kb2 Qb6 35.Nf3 Na5 36.R4d3 Qb7
37.Ka1 Rc7 38.Nd4 Rdc8 39.Qe1 Nc6 40.Qe3 Nxd4 41.Qxd4 a5 42.Rf3 b4 43.Rc1 Qb5
44.Rd3 Kb7 45.a4 Qc5 46.Qxc5 Rxc5 47.Kb2 Kb6 48.c4 dxc4 49.Rxc4 Rxc4 50.bxc4 Rxc4
51.g3 Re4 52.Rf3 Rxe5 53.Rxf7 Rf5 54.Rf6 Kc5 55.Rxg6 Rxf2+ 56.Kb1 Rf1+ 57.Kb2  0-1

[Event "Bor"]
[Site "Bor"]
[Date "1984.??.??"]
[Round "?"]
[White "Jansa, Vlastimil"]
[Black "Martinovic, Slobodan"]
[Result "0-1"]
[WhiteElo "2480"]
[BlackElo "2415"]

1.e4 c5 2.Nf3 d6 3.d4 cxd4 4.Nxd4 Nf6 5.Nc3 Nc6 6.Bg5 e6 7.Qd2 a6 8.O-O-O h6
9.Bf4 Bd7 10.Nxc6 Bxc6 11.Qe1 Qc7 12.h4 Rc8 13.f3 e5 14.Bd2 b5 15.a3 Be7
16.Bd3 h5 17.Bg5 Kf8 18.Qe2 Rb8 19.g4 g6 20.Bxf6 Bxf6 21.g5 Bg7 22.Qd2 Ke7
23.Rhf1 Rhd8 24.Be2 Kf8 25.Nd5 Bxd5 26.Qxd5 Rb6 27.Rd2 Rc6 28.Rfd1 Rc8 29.Qb3 Kg8
30.Bf1 Qb6 31.Kb1 Bf8 32.Qd3 b4 33.axb4 Qxb4 34.Qb3 Qc5 35.c4 Rb6 36.Qc3 Rcb8
37.Rd5 Qf2 38.R5d2 Qxh4  0-1

[Event "Politiken Cup"]
[Site "Copenhagen"]
[Date "1984.??.??"]
[Round "9"]
[White "Sznapik, Aleksander"]
[Black "Kristiansen, Jens"]
[Result "1-0"]
[WhiteElo "2460"]
[BlackElo "2450"]

1.e4 c5 2.Nf3 Nc6 3.d4 cxd4 4.Nxd4 Nf6 5.Nc3 d6 6.Bg5 Bd7 7.Bxf6 gxf6 8.Bc4 Qa5
9.Ne2 f5 10.O-O Bg7 11.exf5 Bxf5 12.Ng3 Bg6 13.Nd5 e6 14.Nf4 d5 15.Bb3 Bxb2
16.Rb1 Be5 17.Qf3 Qc3 18.Nd3 Bd6 19.Ba4 O-O-O 20.Ne2 Qc4 21.Bxc6 Qxc6 22.Nd4 Qc4
23.Qe3 a6 24.Rb3 Bc7 25.Rfb1 b5 26.Ne5 Bxe5 27.Qxe5 Qc7 28.Qe3 Kd7 29.Rc3 Qb7
30.a4 b4 31.Nc6 a5 32.Qc5 Rde8 33.Ne5+ Kd8 34.Qd6+  1-0